000 00271nam a2200097Ia 4500
001 720078
005 20250826163225.0
008 250824s9999 xx 000 0 und d
245 0 _a1915 GELİBOLU HARBİ GÜNLÜĞÜ
_cYazar Adı Belirtilmemiş
260 _bYEDİTEPE YAYINLARI
999 _c720078
_d720078